American Birds Quiz - Statistics

General Stats
  • This quiz has been taken 52 times
  • The average score is 10 of 16
Answer Stats
Picture Answer % Correct
Bald Eagle
97%
Flamingo
95%
Barn Owl
89%
Blue Jay
86%
Canada Goose
81%
American Robin
68%
Northern Cardinal
68%
Bluebird
65%
American Goldfinch
62%
Baltimore Oriole
57%
American Kestrel
49%
Pileated Woodpecker
49%
Red-Tailed Hawk
46%
House Finch
43%
Red-Bellied Woodpecker
41%
Black Guillemot
22%
No matching quizzes found
Score Distribution
Percent of People with Each Score
Percentile by Number Answered
Your Score History
You have not taken this quiz